Datum a čas kvízu
22.5
Celkem bodů
Celkový počet nahraných bodů na tomto kvízu bez doplňovacích otázek.
6.
Pořadí na kvízu
Konečné umístění týmu na tomto kvízu.
Zaznamenané odpovědi
| # | Otázka | Odpověď | Body | Výsledky |
|---|---|---|---|---|
| 1. | Radnice města Zubří na Vsetíns... | pařez | 1 | |
| 2. | Silný hurikán zasáhl v neděli... | Dorian | 1 | |
| 3. | Ve čtvrtek měl v kinech premié... | Petr Kolečko | 0 | |
| 4. | Mezinárodní tým vědců, do kter... | nosorožec tuponosý (bílý) | 0 | |
| 5. | Česká plavkyně Markéta Pechová... | přeplavala kanál jako první handicapovaná žena na světě | 1 | |
| 6. | Ve které ze čtyř možností jsou... | C | 1 | |
| 7. | Nyní je Vaším úkolem seřadit c... | A | 1 | |
| 8. | Seřaďte tato periodika od těch... | D | 0 | |
| 9. | Seřaďte tyto filmy od toho, kt... | B | 1 | |
| 10. | V poslední otázce tématu Vám d... | C | 1 |